000 00831nam a2200241 i 4500
001 118876
003 ES-MaACL
005 20250903022026.0
007 t|
008 070214s1967 sp 00110 spa d
080 _a519.86
100 1 _aPiatier, André.
_991750
245 1 0 _aEconomía y matemáticas :
_belementos y ejercicios.
_n1,
_pLos números, algebra, análisis /
_cpor André Piatier, Pierre Cahuzac y Lucien Chambadal ; traducción por Nuria Bozzo Durán.
260 _aBarcelona :
_bAriel,
_c1967.
300 _a1 v. (442 p. :
_bil.) ;
_c24 cm.
650 7 _aEconomía matemática
_2embne
_912034
700 1 _aCahuzac, Pierre.
_933453
700 1 _aChambadal, Lucien.
_937843
700 1 _aBozzo Durán, Nuria.
_931222
852 4 _aES-MaACL
_jE-6025
852 4 _aES-MaACL
_jG-5315
999 _c118876
_d118876